000 00714cam a22002292 4500
001 0000009468
005 20151021151122.0
008 081030s xx 000 0 eng d
020 _a0132345545 :
_cKES 2760
040 _aKABU
_cKABU
050 0 _aHF5415
_b.A53 2008
100 1 _aAndreasen, Alan R.
_@0000160951
245 1 0 _aStrategic marketing for non-profit organizations /
_cAlan R. Andreasen, Philip Kotler.
250 _a7th ed.
260 _aUpper Saddle River, NJ :
_bPearson Educ.,
_c2008.
300 _axxii, 504 p.
650 0 _aMarketing.
_@0000151351
700 1 _aKotler, P.
_@0000160953
908 _a081030
950 _@1
999 _c851
_d851